000 00483nam a2200181Ia 4500
005 20240730045754.0
008 240331s9999 xx 000 0 und d
020 _a0706994973
082 _bWIC
_a294
100 _aWickremasinghe, A
245 0 _aBuddhism and ethnicity in Sri Lanka :
_ba historical analysis
260 _aNew delhi
_bVikas publishing house Pvt Ltd
_c1995
300 _aXli, 337 p .,
650 _aHistory
650 _aSociety
650 _aCultural
942 _cL
999 _c1369
_d1369